000 00532nam a2200193Ia 4500
999 _c35428
_d35428
003 OSt
005 20210804102812.0
008 160316s2013 xxu||||| |||| 00| 0 eng d
040 _c.
082 _a345.077000
_bNLS
100 _a
245 _aOrientation program for I.P.S. probationers
260 _aBangalore
_bNLSIU
_c2013
300 _a263
650 _a1. IPS probationers2. constition3. Police and human rights
700 _a
_a
856 _u http://opac.nls.ac.in:8081/xmlui/handle/123456789/701
942 _2ddc
_cREP